000 00949nam a2200253 a 4500
001 1338
003 BR-CuiBMT
005 20231205211233.0
008 231201s2008 dfba 001 0 por d
040 _aBR-CuiBMT
_cBR-CuiBMT
080 _a94
_x(81+88.2).079
_22007
090 _a94(81+88.2).079
_bR585q
100 1 _aRio Branco, José Maria da Silva Paranhos Junior, Barão do,
_d1845-1912
245 1 0 _aQuestões de limites :
_bGuiana Francesa /
_cJosé Maria da Silva Paranhos Júnior, Barão do Rio Branco.
260 _aBrasília :
_bSenado Federal :
_c2008.
300 _a437 p. :
_bil. ;
_c23 cm
490 1 _aColeção edições do Senado Federal ;
_vv. 97
504 _aInclui índice.
600 1 _aRio Branco, José Maria da Silva Paranhos Junior, Barão do,
_d1845-1912
650 _aFronteira
_zBrasil
_zGuiana Francesa
650 _aGuiana Francesa
_xFronteira
_zBrasil
830 0 _aEdições do Senado Federal ;
_v97
942 _2udc
_cLV
999 _c1338
_d1338